NBA: Most Points (2024-2025 Season) - Statistics

General Stats
  • This quiz has been taken 636 times
    238 since last reset
  • The average score is 39 of 50
Answer Stats
# Player Points % Correct
3 Nikola Jokić 1,085
99%
1 Shai Gilgeous-Alexander 2,063
99%
11 LeBron James 1,450
98%
6 Giannis Antetokounmpo 1,594
96%
4 Jayson Tatum 1,629
95%
17 Stephen Curry 1,373
94%
2 Anthony Edwards 1,713
92%
T36 Anthony Davis 1,107
91%
27 Jaylen Brown 1,257
91%
5 Jalen Brunson 1,606
90%
T15 James Harden 1,382
89%
T15 Karl-Anthony Towns 1,382
89%
14 Kevin Durant 1,401
88%
35 Victor Wembanyama 1,116
87%
9 Donovan Mitchell 1,452
86%
25 Jalen Williams 1,298
86%
T19 Damian Lillard 1,365
85%
8 Devin Booker 1,532
84%
T19 Jalen Green 1,365
83%
13 De'Aaron Fox 1,427
82%
28 Jamal Murray 1,249
82%
T36 Tyrese Haliburton 1,107
82%
12 Trae Young 1,429
81%
31 Alperen Şengün 1,171
80%
7 Cade Cunningham 1,565
80%
T36 Coby White 1,107
80%
48 LaMelo Ball 1,072
80%
18 Tyrese Maxey 1,369
80%
26 Darius Garland 1,282
79%
24 DeMar DeRozan 1,306
79%
47 Evan Mobley 1,076
79%
29 Kyrie Irving 1,234
79%
T42 Domantas Sabonis 1,094
78%
10 Tyler Herro 1,451
78%
21 Zach LaVine 1,358
78%
39 Bam Adebayo 1,106
74%
40 Mikal Bridges 1,103
74%
23 Pascal Siakam 1,329
73%
50 Austin Reaves 1,051
72%
49 Miles Bridges 1,059
72%
34 Franz Wagner 1,127
70%
22 Jaren Jackson Jr. 1,341
70%
33 Jordan Poole 1,138
68%
T42 Norman Powell 1,094
60%
32 Michael Porter Jr. 1,144
56%
46 Nikola Vučević 1,082
51%
30 Anfernee Simons 1,211
45%
41 RJ Barrett 1,100
41%
T44 Malik Beasley 1,087
28%
T44 Trey Murphy III 1,087
23%
No matching quizzes found
Score Distribution
Percent of People with Each Score
Percentile by Number Answered
Your Score History
You have not taken this quiz since the last reset